000 00877nas a2200301 4500
001 BR2014006464
003 BR-BrBNA
005 20231205124616.0
007 ta
008 230509b bl.|||p| |||| 00| 00por d
040 _aBR-BrBNA
_bpor
_cBiblioteca Nacional de Agricultura
041 _a(En)
072 _aF02
100 1 _aLédo, A. da S.
100 1 _aBarin, L.B.
100 1 _aSilva, A.V.C. da
100 1 _aSá, F.P. de
100 1 _aMachado, C. de A.
245 1 _aIn vitro germination and acclimatization of cambui tree type seedlings
650 _aMYRTACEAE
650 _aFRUTA TROPICAL
650 _aCULTURA IN VITRO
650 _aGERMINAÇÃO
650 _aACLIMATAÇÃO
773 0 _tCiência Rural (Brazil)
_xISSN 0103-8478
_g(Aug 2014), v. 44(8) p. 1355-1359
_wBR2014006464
909 _a202311
_bLúcia
_c55
_dLúcia Elande
942 _2AGRIS
_n0
_cANA
999 _c239966
_d239966